[Event "Madrid-ch Previa-A"]
[Site "Madrid"]
[Date "2025.02.17"]
[Round "7.31"]
[White "Huerta Navarro, Eusebio"]
[Black "Iturrizaga Ramirez, Eduardo Robe"]
[Result "1-0"]
[WhiteElo "1772"]
[BlackElo "1591"]
[PlyCount "79"]
[GameId "2153777055367379"]
[EventDate "2025.02.03"]
[EventType "swiss"]
[EventRounds "9"]
[EventCountry "ESP"]

1. e4 c5 2. Nf3 d6 3. d4 cxd4 4. Nxd4 a6 5. c4 e6 6. Nc3 Be7 7. Be3 Qc7 8. Be2 Nf6 9. O-O O-O 10. Rc1 Bd7 11. Qc2 Nc6 12. f4 Nb4 13. Qd1 Nc6 14. a3 h6 15. Kh1 Rad8 16. Qd2 Na5 17. Qd3 e5 18. Nf5 Bxf5 19. exf5 Nb3 20. Rcd1 Nc5 21. Qc2 Qc6 22. b4 Ncd7 23. Qc1 e4 24. b5 axb5 25. cxb5 Qc8 26. a4 d5 27. Bd4 Bc5 28. Be5 Rfe8 29. Nxd5 Nxd5 30. Rxd5 f6 31. Bb2 b6 32. Rfd1 Nb8 33. Qc4 Kf8 34. Bh5 Rxd5 35. Qxd5 Qc7 36. Bxe8 Kxe8 37. Qe6+ Kf8 38. Bc1 Be7 39. Be3 Qc2 40. Rc1 1-0

[Event "Madrid-ch Previa-A"]
[Site "Madrid"]
[Date "2025.02.17"]
[Round "7.32"]
[White "Vasquez Escobar, Andres Eloy"]
[Black "Aquilino Rodriguez, Virgilio"]
[Result "0-1"]
[WhiteElo "1579"]
[BlackElo "1675"]
[PlyCount "110"]
[GameId "2154012745781715"]
[EventDate "2025.02.03"]
[EventType "swiss"]
[EventRounds "9"]
[EventCountry "ESP"]

1. d4 d5 2. c4 e6 3. cxd5 exd5 4. Bf4 Nf6 5. h3 Nc6 6. a3 Bd6 7. Bxd6 Qxd6 8. Nf3 O-O 9. e3 Ne4 10. Bd3 Re8 11. O-O Qf6 12. Nc3 Nxc3 13. bxc3 g6 14. c4 dxc4 15. Bxc4 Na5 16. Ba2 b6 17. Ne5 Be6 18. Bxe6 Qxe6 19. Rc1 Rac8 20. Qf3 c5 21. Ng4 Kg7 22. Qf4 c4 23. Qe5+ Qxe5 24. Nxe5 b5 25. Rfd1 Nb7 26. Rc2 f6 27. Nf3 Nd6 28. Rdc1 Rc7 29. Kf1 Rec8 30. Nd2 a5 31. f3 b4 32. axb4 axb4 33. Rb1 b3 34. Rcc1 Nb5 35. Nxb3 cxb3 36. Rxc7+ Rxc7 37. Rxb3 Nd6 38. Ke2 h5 39. Rb2 h4 40. e4 g5 41. d5 Kf7 42. Ra2 Ke7 43. Ke3 Rc3+ 44. Kf2 Nb5 45. Ra6 Rc2+ 46. Kg1 Rd2 47. Re6+ Kf7 48. Rb6 Nc3 49. Rb7+ Kg6 50. Rb8 Ne2+ 51. Kf1 Nf4 52. Rg8+ Kf7 53. Ra8 Nxg2 54. Ra7+ Kg6 55. Ra8 Nf4 0-1

[Event "Madrid-ch Previa-A"]
[Site "Madrid"]
[Date "2025.02.17"]
[Round "7.33"]
[White "Diez Acero, Pablo"]
[Black "Castro Torres, Vicente"]
[Result "1/2-1/2"]
[WhiteElo "1639"]
[BlackElo "1534"]
[PlyCount "110"]
[GameId "2154015955931620"]
[EventDate "2025.02.03"]
[EventType "swiss"]
[EventRounds "9"]
[EventCountry "ESP"]

1. e4 c6 2. d4 d5 3. e5 Bf5 4. Nc3 e6 5. Nf3 h6 6. Bd3 Bxd3 7. Qxd3 a6 8. Be3 Ne7 9. h3 Nf5 10. Bd2 c5 11. g4 Nh4 12. Nxh4 Qxh4 13. Be3 Nd7 14. O-O-O c4 15. Qe2 Qd8 16. f4 b5 17. f5 b4 18. Na4 Qa5 19. fxe6 fxe6 20. b3 c3 21. Kb1 Nb6 22. Nxb6 Qxb6 23. g5 g6 24. Qf3 hxg5 25. Qf6 Rg8 26. Rhf1 Be7 27. Qf7+ Kd7 28. Bxg5 Qd8 29. Qh7 Rh8 30. Qf7 Rf8 31. Bxe7 Qxe7 32. Qxg6 Rae8 33. Rh1 Rg8 34. Qd3 Ra8 35. Rdf1 Kc6 36. a4 Kb6 37. Rf6 Rae8 38. h4 Rg2 39. Qh3 Rd2 40. Rg1 Rxd4 41. Rg8 Kc5 42. Rxe8 Qxe8 43. Qxe6 Qxe6 44. Rxe6 Rxh4 45. Rxa6 Rh1+ 46. Ka2 d4 47. e6 Re1 48. Ra5+ Kd6 49. Rb5 Rc1 50. Rxb4 Rxc2+ 51. Kb1 Rb2+ 52. Kc1 Kxe6 53. Rxd4 Rxb3 54. Kc2 Ke5 55. Rc4 Ra3 1/2-1/2

[Event "Madrid-ch Previa-A"]
[Site "Madrid"]
[Date "2025.02.17"]
[Round "7.35"]
[White "Moreno Sabroso, Ruben"]
[Black "Diaz Del Prado, Carlos"]
[Result "1-0"]
[WhiteElo "1653"]
[BlackElo "1597"]
[PlyCount "61"]
[GameId "2154020950385155"]
[EventDate "2025.02.03"]
[EventType "swiss"]
[EventRounds "9"]
[EventCountry "ESP"]

1. c4 Nf6 2. g3 e6 3. Bg2 d5 4. Nf3 c6 5. O-O Bd6 6. d4 O-O 7. Nbd2 Nbd7 8. Qc2 Re8 9. e4 dxe4 10. Nxe4 Nxe4 11. Qxe4 Nf6 12. Qc2 h6 13. Re1 Qc7 14. b3 e5 15. c5 Bf8 16. Nxe5 Be6 17. Bf4 Qe7 18. Nc4 Qd7 19. Rad1 Nd5 20. Ne5 Qd8 21. Bc1 Qf6 22. Be4 Nb4 23. Qb1 Kh8 24. Re3 Qe7 25. Rf3 Nd5 26. Bg6 Nf6 27. Re1 Qc7 28. Bd3 Bd5 29. Rfe3 Rxe5 30. Rxe5 Ng4 31. Re8 1-0

[Event "Madrid-ch Previa-A"]
[Site "Madrid"]
[Date "2025.02.17"]
[Round "7.36"]
[White "Goday Rivas, Alvaro"]
[Black "De Juan Rivas, Antonio"]
[Result "1-0"]
[WhiteElo "1538"]
[BlackElo "1647"]
[PlyCount "63"]
[GameId "2154021625319953"]
[EventDate "2025.02.03"]
[EventType "swiss"]
[EventRounds "9"]
[EventCountry "ESP"]

1. e4 c5 2. c3 Nc6 3. d4 cxd4 4. cxd4 d5 5. exd5 Qxd5 6. Nf3 Bg4 7. Nc3 Qd7 8. d5 e5 9. dxc6 Qxd1+ 10. Nxd1 Bxf3 11. gxf3 bxc6 12. Ba6 Ne7 13. Nc3 Rb8 14. O-O Nf5 15. Rd1 Nd4 16. Be2 Bb4 17. Kf1 Bxc3 18. bxc3 Nc2 19. Be3 Nxa1 20. Rxa1 Rb7 21. Bc5 f6 22. Bc4 h5 23. h4 g5 24. hxg5 fxg5 25. Re1 g4 26. Rxe5+ Kd8 27. fxg4 h4 28. Kg2 h3+ 29. Kh2 Rbh7 30. f4 Rb7 31. Re2 Rd7 32. Rb2 1-0

[Event "Madrid-ch Previa-A"]
[Site "Madrid"]
[Date "2025.02.17"]
[Round "7.37"]
[White "Veuthey Martinez, Eloy"]
[Black "Lopez Manso, Jeronimo"]
[Result "0-1"]
[WhiteElo "1601"]
[BlackElo "1528"]
[PlyCount "86"]
[GameId "2154022209933855"]
[EventDate "2025.02.03"]
[EventType "swiss"]
[EventRounds "9"]
[EventCountry "ESP"]

1. d4 f5 2. Bf4 Nf6 3. e3 e6 4. Nf3 c5 5. Bd3 Nc6 6. a3 Qb6 7. c4 Qxb2 8. Nbd2 cxd4 9. exd4 Nxd4 10. O-O Nc6 11. Re1 Nh5 12. Be5 Nxe5 13. Nxe5 Nf6 14. Bxf5 Bd6 15. Nd3 Qd4 16. Nf3 Qxc4 17. Bh3 O-O 18. Nde5 Qa6 19. g3 Nd5 20. Bg2 Be7 21. Qc2 d6 22. Nc4 Bd7 23. Ne3 Nf6 24. Qb3 d5 25. Ne5 Ba4 26. Qb2 Ne8 27. Bf1 b5 28. Qc1 Rc8 29. Qd2 Qd6 30. Nd3 d4 31. Ng4 Rc2 32. Qb4 Qc7 33. Qxd4 Bf6 34. Nxf6+ Rxf6 35. Rac1 Qf7 36. Rxc2 Bxc2 37. Rc1 e5 38. Nxe5 Qe7 39. Rxc2 Re6 40. Nf3 Nd6 41. Qc3 a6 42. Qc7 Qf6 43. Bg2 Nc4 0-1

[Event "Madrid-ch Previa-A"]
[Site "Madrid"]
[Date "2025.02.17"]
[Round "7.38"]
[White "Ropero Galan, Samuel"]
[Black "Perez de las Penas, Jorge Ivan"]
[Result "0-1"]
[WhiteElo "1623"]
[BlackElo "1620"]
[PlyCount "104"]
[GameId "2154023395230259"]
[EventDate "2025.02.03"]
[EventType "swiss"]
[EventRounds "9"]
[EventCountry "ESP"]

1. e4 c5 2. Nf3 e6 3. Nc3 d6 4. Bc4 Nc6 5. d4 cxd4 6. Nxd4 Nf6 7. Bg5 Be7 8. Nxc6 bxc6 9. Qf3 Bb7 10. Rd1 Qc7 11. Qg3 Nh5 12. Qg4 Bxg5 13. Qxg5 g6 14. Be2 Ng7 15. Rd3 h6 16. Qf6 Kf8 17. Rg3 Kg8 18. h4 Qd8 19. Qf4 e5 20. Qd2 Ne6 21. h5 g5 22. Bc4 Nf4 23. Ne2 Nxe2 24. Qxe2 Qe7 25. Rf3 d5 26. exd5 cxd5 27. Bb3 Rh7 28. Rg3 Rg7 29. Re3 Re8 30. Qb5 Rd8 31. O-O Qc7 32. Rd1 a6 33. Qe2 e4 34. c3 Kh8 35. Qd2 Qe5 36. c4 d4 37. f3 f5 38. fxe4 Bxe4 39. Bc2 Rgd7 40. Ra3 Rd6 41. b4 d3 42. Bb3 Qd4+ 43. Kf1 Rb6 44. Ra4 Rf6 45. c5 Qe5 46. Ra5 Qg3 47. Qf2 Qxf2+ 48. Kxf2 d2 49. Bc4 Bc2 50. Rxa6 Rxa6 51. Bxa6 Bxd1 52. c6 Ba4 0-1